<?xml version="1.0" encoding="UTF-8"?><?xml-stylesheet type="text/xsl" href="static/style.xsl"?><OAI-PMH xmlns="http://www.openarchives.org/OAI/2.0/" xmlns:xsi="http://www.w3.org/2001/XMLSchema-instance" xsi:schemaLocation="http://www.openarchives.org/OAI/2.0/ http://www.openarchives.org/OAI/2.0/OAI-PMH.xsd"><responseDate>2026-04-17T03:35:40Z</responseDate><request verb="GetRecord" identifier="oai:www.recercat.cat:2445/69166" metadataPrefix="marc">https://recercat.cat/oai/request</request><GetRecord><record><header><identifier>oai:recercat.cat:2445/69166</identifier><datestamp>2025-11-21T05:31:54Z</datestamp><setSpec>com_2072_1057</setSpec><setSpec>col_2072_478917</setSpec><setSpec>col_2072_478921</setSpec></header><metadata><record xmlns="http://www.loc.gov/MARC21/slim" xmlns:dcterms="http://purl.org/dc/terms/" xmlns:xsi="http://www.w3.org/2001/XMLSchema-instance" xmlns:doc="http://www.lyncode.com/xoai" xsi:schemaLocation="http://www.loc.gov/MARC21/slim http://www.loc.gov/standards/marcxml/schema/MARC21slim.xsd">
   <leader>00925njm 22002777a 4500</leader>
   <datafield ind2=" " ind1=" " tag="042">
      <subfield code="a">dc</subfield>
   </datafield>
   <datafield ind2=" " ind1=" " tag="720">
      <subfield code="a">Requena-Méndez, Ana</subfield>
      <subfield code="e">author</subfield>
   </datafield>
   <datafield ind2=" " ind1=" " tag="720">
      <subfield code="a">Aldasoro, Edelweiss</subfield>
      <subfield code="e">author</subfield>
   </datafield>
   <datafield ind2=" " ind1=" " tag="720">
      <subfield code="a">Muñoz, José</subfield>
      <subfield code="e">author</subfield>
   </datafield>
   <datafield ind2=" " ind1=" " tag="720">
      <subfield code="a">Moore, David A. J.</subfield>
      <subfield code="e">author</subfield>
   </datafield>
   <datafield ind2=" " ind1=" " tag="260">
      <subfield code="c">2016-02-03T09:04:30Z</subfield>
   </datafield>
   <datafield ind2=" " ind1=" " tag="260">
      <subfield code="c">2016-02-03T09:04:30Z</subfield>
   </datafield>
   <datafield ind2=" " ind1=" " tag="260">
      <subfield code="c">2015-05-21</subfield>
   </datafield>
   <datafield ind2=" " ind1=" " tag="260">
      <subfield code="c">2016-02-02T15:33:28Z</subfield>
   </datafield>
   <datafield ind2=" " ind1=" " tag="520">
      <subfield code="a">RATIONALE: Objective, reproducible quantification of the extent&#xd;
                of abnormalities seen on a chest radiograph would improve the&#xd;
                user-friendliness of a previously proposed severity scoring&#xd;
                system for pulmonary tuberculosis and could be helpful in&#xd;
                monitoring response to therapy, including in clinical trials.&#xd;
                METHODS: In this study we report the development and evaluation&#xd;
                of a simple tool using free image editing software (GIMP) to&#xd;
                accurately and reproducibly quantify the area of affected lung&#xd;
                on the chest radiograph of tuberculosis patients. As part of a&#xd;
                pharmacokinetic study in Lima, Peru, a chest radiograph was&#xd;
                performed on patients with pulmonary tuberculosis and this was&#xd;
                subsequently photographed using a digital camera. The GIMP&#xd;
                software was used by two independent and trained readers to&#xd;
                estimate the extent of affected lung (expressed as a percentage&#xd;
                of total lung area) in each radiograph and the resulting&#xd;
                radiographic SCORE. RESULTS: 56 chest radiographs were included&#xd;
                in the reading analysis. The Intraclass correlation coefficient&#xd;
                (ICC) between the 2 observers was 0.977 (p&lt;0.001) for the&#xd;
                area of lung affected and was 0.955 (p&lt;0.001) for the final&#xd;
                score; and the kappa coefficient of Interobserver agreement for&#xd;
                both the area of lung affected and the score were 0.9&#xd;
                (p&lt;0.001) and 0.86 (p&lt;0.001) respectively. CONCLUSIONS:&#xd;
                This high level of between-observer agreement suggests that this&#xd;
                freely available software could constitute a simple and useful&#xd;
                tool for robust evaluation of individual and serial chest&#xd;
                radiographs.</subfield>
   </datafield>
   <datafield tag="653" ind2=" " ind1=" ">
      <subfield code="a">Tuberculosi</subfield>
   </datafield>
   <datafield tag="653" ind2=" " ind1=" ">
      <subfield code="a">Radiografia</subfield>
   </datafield>
   <datafield tag="653" ind2=" " ind1=" ">
      <subfield code="a">Programari lliure</subfield>
   </datafield>
   <datafield tag="653" ind2=" " ind1=" ">
      <subfield code="a">Processament d'imatges</subfield>
   </datafield>
   <datafield tag="653" ind2=" " ind1=" ">
      <subfield code="a">Perú</subfield>
   </datafield>
   <datafield tag="653" ind2=" " ind1=" ">
      <subfield code="a">Tuberculosis</subfield>
   </datafield>
   <datafield tag="653" ind2=" " ind1=" ">
      <subfield code="a">Radiography</subfield>
   </datafield>
   <datafield tag="653" ind2=" " ind1=" ">
      <subfield code="a">Open source software</subfield>
   </datafield>
   <datafield tag="653" ind2=" " ind1=" ">
      <subfield code="a">Image processing</subfield>
   </datafield>
   <datafield tag="653" ind2=" " ind1=" ">
      <subfield code="a">Peru</subfield>
   </datafield>
   <datafield ind2="0" ind1="0" tag="245">
      <subfield code="a">Robust and Reproducible Quantification of the Extent of Chest&#xd;
                Radiographic Abnormalities (And It's Free!)</subfield>
   </datafield>
</record></metadata></record></GetRecord></OAI-PMH>